000 00600nam a2200229Ia 4500
005 20250108125110.0
008 008 250107s9999 xx 000 0 eng d
020 _a978-81-291-1825-7
037 _aTB
040 _aCRL
_beng
_cCRL
041 _aeng
_2eng
084 _aY:45:61.2 R2
084 _qCRL
100 _aKapur Anu Au.
_9600948
245 0 _aAura University of Delhi
_cKapur Anu Au.
260 _aDelhi, India
_bUniversity of Delhi
_c3308
300 _a213p.
365 _aINR
_b795
650 _aEDUCATION
942 _cTB
_hY:45:61.2 R2
999 _c1235696
_d1235696